000 00556nam a2200229Ia 4500
003 OSt
005 20221006150042.0
006 a|||||r|||| 00| 0
007 ta
008 221006b |||||||| |||| 00| 0 eng d
020 _c
_3.50
024 _a16,948
037 _cTextual
040 _aEASL
_cEASL
_beng
041 _2eng
_aeng
100 _aKALTENMARK Odile
_9655730
245 0 _aChinese literature
260 _aNew York
_bWallier
_c1964
300 _a146p.
_ccm.
942 _cTEXL
_2CC
999 _c1085034
_d1085034